| 000 | 00558 a2200205 4500 | ||
|---|---|---|---|
| 001 | 130697 | ||
| 020 | _a85-02-01675-X | ||
| 040 | _cLeonardo Da Vinci | ||
| 041 | _aPortuguês | ||
| 082 |
_a345.01 S166d _bS166d |
||
| 100 | _aSALLES JUNIOR, Romeu de Almeida | ||
| 245 | _aDireito Penal para provas e concursos | ||
| 250 | _a4.ed | ||
| 260 |
_bSaraiva _c1996 _aSão Paulo |
||
| 300 | _a591 | ||
| 362 | _a19960000 | ||
| 500 | _aEdição aumentada | ||
| 697 |
_aDireito _aDireito Penal _aLegislação _aLeis _aProva _aConcurso _aBrasil _aFIPEN |
||
| 942 | _cBK | ||
| 999 |
_c130697 _d130697 |
||